| 000 | 00394nam a2200133Ia 4500 | ||
|---|---|---|---|
| 008 | 230917s9999||||xx |||||||||||||| ||und|| | ||
| 040 |
_e92437 _aMAIN |
||
| 041 | _aEnglish | ||
| 082 | _a615.842 R137C | ||
| 100 | _aRajnish Kant | ||
| 245 | 0 | _aComparative evaluation of computed tomography and cerebral angiography in the management of suborachnoid haemorrhage | |
| 300 | _a137 p. | ||
| 942 | _cTH | ||
| 999 |
_c73898 _d73898 |
||